000 00544nam a2200229Ia 4500
003 OSt
005 20220924142708.0
006 a|||||r|||| 00| 0
007 ta
008 ASM
024 _a302988
037 _cTextual
040 _aARTS
_cARTS
_bASM
041 _2ASM
_aASM
082 _aO158,3NB0,3, L6
100 _aBorgohain
_9213899
245 0 _aNami ahey al sandhiya
260 _c1976
650 _aASSAMESE LITERATURE
_911738
942 _hO158,3NB0,3, L6
_cTEXL
_2CC
999 _c451652
_d451652